Norma Chilena Oficial NCh 1156-1 Of1999
Furkejuvvon:
| Searvvušdahkkit: | , |
|---|---|
| Materiálatiipa: | Girji |
| Giella: | espánnjágiella |
| Almmustuhtton: |
Santiago
Instituto Nacional de Normalización
1999
|
| Preanttus: | 1a. ed |
| Fáttát: | |
| Fáddágilkorat: |
Lasit fáddágilkoriid
Eai fáddágilkorat, Lasit vuosttaš fáddágilkora!
|
MARC
| LEADER | 00000nam a2200000 a 4500 | ||
|---|---|---|---|
| 001 | UCK5776 | ||
| 003 | CL-VaPUC | ||
| 008 | 050826e19990000CL |||||||||||||||||spa|d | ||
| 082 | 0 | 4 | |a 690 |b INS |2 21 |
| 110 | 2 | |a Instituto Nacional de Normalización |e author |9 494707 | |
| 710 | 2 | |a INN |e author |9 494708 | |
| 245 | 1 | 0 | |a Norma Chilena Oficial NCh 1156-1 Of1999 |
| 246 | 1 | 0 | |a Construcción - Especificaciones técnicas - Ordenación y designación de partidas - Parte 1: generalidades |
| 250 | |a 1a. ed | ||
| 300 | |a 10 p | ||
| 942 | |c BK | ||
| 945 | |d 20050826 00:00:00 |a cmena | ||
| 260 | |a Santiago |b Instituto Nacional de Normalización |c 1999 | ||
| 650 | 0 | |a Construcción |9 260195 | |
| 650 | 0 | |a Edificios |9 260501 | |
| 650 | 0 | |a Normalización |9 262666 | |
| 583 | |a last modification |c 20050826 00:00:00 |k Rodrigo Vera | ||
| 999 | |c 314239 |d 314237 | ||